Pays les plus proches de la République centrafricaine A-Z - Statistiques

Statistiques générales
  • Ce quiz a été pris 35 fois
    28 depuis la dernière actualisation
  • Le résultat moyen est 23 sur 24
Statistiques - réponses
Lettre Pays % Correct
A Angola
100%
C Cameroun
100%
F France
100%
H Hongrie
100%
N Nigéria
100%
Q Qatar
100%
R République du Congo / République Démocratique du Congo
100%
S Soudan / Soudan du Sud
100%
U Ukraine
100%
Y Yémen
100%
Z Zambie
100%
D Djibouti
96%
G Gabon
96%
K Kenya
96%
L Libye
96%
O Ouganda
96%
T Tchad
96%
B Burundi
92%
J Jordanie
92%
V Vatican
92%
E Éthiopie
88%
M Mali
88%
P Portugal
88%
I Israël
81%
Aucun quiz correspondant
Distribution des résultats
% des personnes avec chaque résultat
Percentile par nombre de réponses
Votre historique - résultats
Vous n’avez pas pris ce quiz depuis la dernière actualisation